| 000 | 00876nam a22002177a 4500 | ||
|---|---|---|---|
| 999 |
_c57723 _d57723 |
||
| 003 | Ge_BSU | ||
| 005 | 20201015133250.0 | ||
| 008 | 201015s2019 ge ||||| |||| 00| 0 geo d | ||
| 020 | _a9789941947988 | ||
| 041 | _ageo | ||
| 080 | _a349.2(479.22) ძ-21 | ||
| 100 |
_aძამუკაშვილი, დავით _9925 |
||
| 245 |
_aშრომის სამართალი / _cდავით ძამუკაშვილი. |
||
| 250 | _aმეხუთე გადამუშავებული გამოცემა | ||
| 264 |
_aთბილისი : _b ბონა კაუზა, _c2019. |
||
| 300 |
_a280 გვ. _b20 სმ. |
||
| 490 | _aიურისტის ბიბლიოთეკა | ||
| 504 | _aბიბლიოგრ. : გვ. 270-273 | ||
| 653 | _a შრომის სამართალი | ||
| 942 |
_2udc _cBK |
||